| 000 | 00758nam a2200229 4500 | ||
|---|---|---|---|
| 005 | 20250801162011.0 | ||
| 010 | _aENG-146298 | ||
| 020 |
_a9789361639098 _c750.00 |
||
| 035 | _aEN-129830 | ||
| 037 | _bDBAD | ||
| 082 |
_a333.70954 _21 |
||
| 245 |
_aBioprospecting Future Research for Sustainable Development/ _cEdited By T. Purushothaman...[et.al] |
||
| 250 | _a1 | ||
| 260 |
_aTamil Nadu _bShanlax Publications _c2025 |
||
| 270 |
_a61,66 T.P.K. Main Road Vasantha Nagar. _bTamil Nadu _e625003 _mshanlaxpublications.com |
||
| 300 |
_a136p. _c25cm(pb) |
||
| 490 | _v1 | ||
| 700 |
_aD. Arunkumar _eAuthor _983640 |
||
| 700 |
_aPradeep Kumar _eAuthor _983644 |
||
| 700 |
_aK. Kalairasi _eAuthor _983645 |
||
| 942 |
_2ddc _cEN _h333.70954 _mBIO |
||
| 999 |
_c212819 _d212819 |
||